000 00665nam a2200253Ia 4500
003 OSt
005 20220928124233.0
006 a|||||r|||| 00| 0
007 ta
008 220927b |||||||| |||| 00| 0 eng d
024 _a26243
037 _cTextual
040 _aSDCL
_cSDCL
_beng
041 _2eng
_aeng
082 _aG:6, N6
100 _aKlug William S
245 0 _aEssentials of genetics.
250 _a2
260 _aLondon
_bPrentics Hall International
_c1996
300 _axv,560p
_ccm.
700 _a Cummings Michael R
_9421078
942 _hG:6, N6
_cTEXL
_2CC
999 _c776808
_d776808